Language Quiz

Random Language or Letter Quiz

Fill in the Middle: Three Vowels Quiz Stats

 Plays Quiz Updated May 9, 2018

Challenge
Share
Tweet
Embed
Score 0/40 Timer 08:00
4 Plays Today
% Correct
IOA
84.5%
OOE
82.8%
UIE
82.3%
EEA
81.3%
UEA
80%
EAU
79.7%
IAU
79.3%
OOI
79.1%
IOU
77.5%
IEU
77.4%
UAI
76.9%
OEA
76.9%
EEI
76.6%
UOU
75.7%
UOI
75.2%
AUE
74.8%
IOE
74.7%
OUE
74.5%
UIA
73.9%
EOA
73.4%
% Correct
IAI
73%
IOI
72%
EOU
69.8%
OIA
69.2%
OEI
68.3%
AEO
64.8%
EOE
60%
UIU
58.6%
EAE
58.6%
AIE
57.6%
AIO
55.1%
IAE
52.5%
EIA
51.7%
OEU
50.1%
OUI
50%
UEU
49.5%
EIO
46.1%
OAU
43%
EOI
39.5%
AUU
37.1%

You're not logged in!

Compare scores with friends on all Sporcle quizzes.
OR
Log In

You Might Also Like...

Show Comments

Extras

Top Quizzes Today


Score Distribution

Your Account Isn't Verified!

In order to create a playlist on Sporcle, you need to verify the email address you used during registration. Go to your Sporcle Settings to finish the process.

Report this User

Report this user for behavior that violates our Community Guidelines.

Details: